General knowledge quiz (Multiple choice) - Statistics

General Stats
  • This quiz has been taken 31 times
    30 since last reset
  • The average score is 4 of 8
Answer Stats
Question Answer % Correct
A tale of two: A tale of two Cities
86%
Why is the Statue of Liberty Green? Because of the copper weathering over time.
71%
"K" is what in the periodic table? Potassium
71%
In what movie has the iconic line, "Get to the Chopper"? Predator
43%
How tall was Napoleonn Bonaparte? 1.69 m
29%
Who is Tom Hanks 9th cousin? Abraham Lincoln
29%
Which one of these statements are true? Hurrian Hymn No. 6 is the first song.
14%
Who directed the first motion picture? Louis Le prince
14%
No matching quizzes found
Score Distribution
Percent of People with Each Score
Percentile by Number Answered
Your Score History
You have not taken this quiz since the last reset